| 000 | 00000nas 2200000zi 4500 |
| 001 | 9.879707 |
| 003 | CaOODSP |
| 005 | 20230207132810 |
| 006 | m o d f |
| 007 | cr ||||||||||| |
| 008 | 190927d20142016pic x m o f0###|0fre|d |
| 040 | |aCaOODSP|bfre|erda|cCaOODSP |
| 043 | |an-cn--- |
| 086 | 1 |aV3-3F-PDF |
| 130 | 0 |aRapport sur les données (Anciens combattants Canada. Direction de la recherche) |
| 245 | 10|aRapport sur les données de la Direction de la recherche. |
| 264 | 1|a[Charlottetown, Î.-P.-É.] : |bAnciens combattants Canada = Veterans Affairs Canada, |c[2014]-2016. |
| 310 | |aIrrégulier |
| 336 | |atexte|btxt|2rdacontent/fre |
| 337 | |ainformatique|bc|2rdamedia/fre |
| 338 | |aressource en ligne|bcr|2rdacarrier/fre |
| 362 | 1 |aParaît depuis 2014?; ne paraît plus après 2016. |
| 500 | |aPublié aussi en anglais sous le titre : Research Directorate data report. |
| 546 | |aCertains publications en anglais seulement. |
| 692 | 07|2gccst|aAncien combattant |
| 692 | 07|2gccst|aRecherche |
| 710 | 1 |aCanada. |bAnciens combattants Canada. |bDirection de la recherche. |
| 775 | 08|tResearch Directorate data report.|w(CaOODSP)9.879708 |